000 00701nam a2200277Ia 4500
005 20260324114256.0
008 008 260324s9999 xx 000 0 eng d
020 _a9780429244353
037 _aEBOOK
040 _aCRL
040 _beng
040 _cCRL
041 _2eng
041 _aeng
084 _qCRL
100 _aSergi Torner; Paz Battaner; Irene Renau
_91150134
245 0 _aLexicografía hispánica / The Routledge Handbook of Spanish Lexicography
260 _bTaylor and Francis
260 _c2023
365 _a
365 _b360
856 _uhttp://www.taylorfrancis.com/books/9780429244353
942 _cEBOOK
999 _c1740217
_d1740217